00495nam a2200181 a 4500001001300000003000900013005001700022008004100039020000900080082002000089100002300109245003400132260005000166300000900216500003500225650003000260700002300290nice12345678IN_TiNIC20260116011857.0070824s1930 sina grp 000 0 eng  ac2500a297.122521bSAR aSarwar, A H Ghulam aTranslation of the Holy Quran aSingapore bAl-Haj Hafiz Ghulam Sarwar c1930 a377p aincludes index and biblioraphy aQuran-Translation-English1 aSarwar, A H Ghulam